| 000 | 00471nam a2200145 a 4500 | ||
|---|---|---|---|
| 001 | 1599 | ||
| 003 | CDMR | ||
| 005 | 20131204121120.0 | ||
| 008 | 130130s1997||||||||||||||||||||||||||||d | ||
| 040 |
_aCDMR _bcat _cCPC GIRONA |
||
| 100 | 1 |
_aMestre i Vergés, Jordi _91204 |
|
| 245 | 1 | 0 |
_aIdentificació i conservació de fotografies _b: normes i reglaments de l'arxiu municipal _cJordi Mestre i Vergés |
| 260 |
_c1997 _bArxiu Municipal de Barcelona _aBarcelona |
||
| 942 |
_cMON _2udc |
||
| 999 |
_c1599 _d1599 |
||